| 000 | 00822nas a2200277 4500 | ||
|---|---|---|---|
| 001 | BR0808706 | ||
| 003 | BR-BrBNA | ||
| 005 | 20231205112912.0 | ||
| 007 | ta | ||
| 008 | 230509b bl.|||p| |||| 00| 00por d | ||
| 040 |
_aBR-BrBNA _bpor _cBiblioteca Nacional de Agricultura |
||
| 041 | _a(Pt) | ||
| 072 | _aP10 | ||
| 100 | 1 | _aAlvim Filho, A. de C. | |
| 100 | 1 | _aBarreira, C. | |
| 100 | 1 | _aSilva, S.R. | |
| 100 | 1 | _aCaminhas, W.M. | |
| 100 | 1 | _aVersiani, B.R. | |
| 100 | 1 | _aQuintão, C.M.F. | |
| 245 | 1 | _aUtilização de redes neo-fuzzy Neuron para predição de vazões | |
| 650 | _aÁGUA | ||
| 650 | _aVAZÃO | ||
| 773 | 0 |
_tRevista Brasileira de Recursos Hídricos (Brazil) _xISSN 1414-381X _g(Jan-Mar 2005), v. 10(1) p. 61-77 _wBR0808706 |
|
| 909 |
_a202311 _bLúcia _c55 _dLúcia Elande |
||
| 942 |
_2AGRIS _n0 _cANA |
||
| 999 |
_c200690 _d200690 |
||